000 00806nam a22002175i 4500
001 162598
003 ES-MaACL
005 20250809062600.0
008 940301s1879 sp |||| | spa d
040 _aCAM
_bspa
080 _a340.12
100 1 _aPrisco, Giuseppe.
_9131377
245 1 0 _aFilosofía del derecho fundada en la ética /
_cobra escrita en italiano por José Prisco ; traducida por J.B. de Hinojosa ; precedida por un prólogo escrito por Juan Manuel Orti y Lara.
260 _aMadrid :
_bImprenta y Librería de Miguel Guijarro,
_c1879.
300 _aXV, 415 p. ;
_c22 cm.
650 4 _aDerecho-
_xFilosofía
_911620
700 1 _aHinojosa, J.B. de.
_9127991
700 1 _aOrtí y Lara, Juan Manuel.
_987534
852 _aES-MaACL
_jE-13099
_z-- Enc. hol.
999 _c162598
_d162598